000 00955nam a2200289 a 4500
001 BRL_465
005 20190320210744.0
008 160813s1992----mx-a######---#000-0#spa-#
020 _a9682945151
041 _aspa
044 _amx
050 4 _aF1219.3.G59
_b.G84 1992
100 1 _aGuerrero Guerrero, Raúl
_923177
245 1 0 _aLa jícara mexicana
_cRaúl Guerrero Guerrero ; fotografías David y Alicia Maawad ; dibujos Alberto Beltrtán.
260 _aMéxico, D.F.
_bInstituto Nacional de Antropología
_c1992
300 _a100 p.
_bil.
_c20 cm.
440 0 _aColección Divulgación
_pSerie Antropología
_923998
500 _aAu493
500 _aBibliografía: p. 97-100
650 1 4 _aIndígenas de México
_xVida social y costumbres.
_910614
650 1 4 _aArtesanías
_zMéxico
_93976
700 1 _aMaaawad, David
_923999
700 1 _aMaaawad, Alicia
_924000
700 1 _aBeltrán, Alberto
_eil.
_99572
902 _aGRL
942 _2lcc
_cB
999 _c9277
_d9277